000 00761nam a2200169Ia 4500
999 _c20133
_d48131
037 _aBC_667 67$BC_683 33
040 _aBC-ENSA
_bfre
041 _afre
110 _aCentre de recherche scientifique et technique des régions arides
_955994
111 _aActes des journées internationales sur la désertification et le développement durable
_cBiskra
_d10/06/2006-12/06/2006-10 au 12 juin 2006
245 _aActes des journées internationales sur la désertification et le développement durable
_bdésert et désertification : journée mondiale de l'environnement
_cCRSTRA
260 _bCRSTRA
_aBiskra
_c2006
300 _bill. en coul.
_a621 p.
_c23 cm
562 _e 02 exemplaire(s)
942 _c01
650 _aDESERT/DESERTIFICATION/ENVIRONNEMENT/ALGERIE